000 00325nam a2200133Ia 4500
008 240624s9999 xx 000 0 und d
041 _aeng
082 _a658.4 ZIN
100 _aZINKIN JOHN
245 _aCHALLENGES IN IMPLEMENTING CORPORATE GOV
260 _c2010
_aSingaphore
_bWiley
300 _a288 : p.
365 _c
_b30
999 _c19335
_d19335